The political economy of agrarian change. (Record no. 8340)
[ view plain ]
| 000 -LEADER | |
|---|---|
| fixed length control field | 00606cam5a220021700 4500 |
| 001 - CONTROL NUMBER | |
| control field | zam00002419 |
| 008 - FIXED-LENGTH DATA ELEMENTS--GENERAL INFORMATION | |
| fixed length control field | 951128s1974 xx eng u |
| 035 ## - SYSTEM CONTROL NUMBER | |
| System control number | (Sirsi) r19784 |
| 035 ## - SYSTEM CONTROL NUMBER | |
| System control number | (MACHINE)SLC. |
| 100 ## - MAIN ENTRY--PERSONAL NAME | |
| Personal name | Griffin, K. |
| Linkage | A80804.1 |
| 245 14 - TITLE STATEMENT | |
| Title | The political economy of agrarian change. |
| 260 ## - PUBLICATION, DISTRIBUTION, ETC. | |
| Date of publication, distribution, etc. | 1974. |
| 591 ## - | |
| -- | Class code: EC 410. |
| 591 ## - | |
| -- | Course: Economic development. |
| 591 ## - | |
| -- | School: S05. |
| 591 ## - | |
| -- | Lecturer: Mr. MWANZA, A.M. |
| 591 ## - | |
| -- | Number of Students: 105. |
| 949 ## - LOCAL PROCESSING INFORMATION (OCLC) | |
| a | HD 1415 |
| w | lcc |
| m | MAIN |
| p | 2500 |
| t | SHORTLOAN |
| l | SHORTLOAN |
| 909 ## - | |
| -- | Book |
| Withdrawn status | Lost status | Source of classification or shelving scheme | Damaged status | Not for loan | Home library | Current library | Shelving location | Total Checkouts | Full call number | Barcode | Date last seen | Copy number | Price effective from | Koha item type |
|---|---|---|---|---|---|---|---|---|---|---|---|---|---|---|
| Library of Congress Classification | Main Library | Main Library | Academic reserves/Short loan | HD 1415 | 63948-1001 | 08/12/2019 | 1 | 08/12/2019 | Short Loan material |